000 01769nam a2200229Ia 4500
008 260220t1993||||xx |||||||||||||| ||spa||
040 _aPY-SlUNAC
_bspa
_erda
041 _aspa
082 _a581.098 92
_bF963f
245 0 _aFuturo verde :
_bconservación y desarrollo Na 2
264 _aAsunción :
_bFundación Moisés Bertoni,
_c℗1993.
300 _a1 volumen
520 _a"Futuro verde: conservación y desarrollo" es una obra que aborda la interrelación entre la conservación del medio ambiente y el desarrollo sostenible en Paraguay. Publicado por la Fundación Moisés Bertoni en 1993, el libro presenta un análisis exhaustivo de los recursos naturales del país, resaltando la importancia de su preservación frente a las presiones del crecimiento económico. A través de estudios de caso y ejemplos prácticos, se proponen estrategias que integran la conservación de la biodiversidad con iniciativas de desarrollo que beneficien a las comunidades locales. La obra enfatiza la necesidad de un enfoque multidimensional que incluya aspectos sociales, económicos y ambientales, promoviendo la educación ambiental como un pilar fundamental para el cambio. Asimismo, se discuten políticas públicas y la participación de diversas partes interesadas, buscando un equilibrio entre el progreso humano y la protección de los ecosistemas. En suma, el texto se erige como un llamado a la acción hacia un futuro más sostenible y consciente de la riqueza natural de Paraguay.
653 _aConservación de recursos
653 _aDesarrollo sostenible
653 _aMedio ambiente
942 _b2026/02/17
_cBK
999 _c8262
_d8262